000 00291nam a22001337a 4500
008 170921b xxu||||| |||| 00| 0 eng d
020 _a9781881646846
041 _aeng
080 _a78
100 _a45
101 _aMUZ
245 _aAN AMERICAN LEGEND
_cSINATRA.N
942 _2udc
_cBK
999 _c28851
_d28851